| 000 | 00612nam a22002417a 4500 | ||
|---|---|---|---|
| 003 | UA-OsUOA | ||
| 001 | 22711 | ||
| 007 | ta | ||
| 008 | 20031224b un ||||| |||| 00| 0 ukr d | ||
| 100 | _aАрхієпископ Макарій | ||
| 090 |
_a23(477) _bА87 |
||
| 942 | _cBK | ||
| 040 |
_aUA-OsUOA _bukr _cUA-OsUOA _dUA-OsUOA |
||
| 245 |
_aПравослав'я на Україні _cАрхієпископ Макарій |
||
| 300 | _a63 с. | ||
| 955 | _a0 | ||
| 041 | _aukr | ||
| 080 | _a23(477) | ||
| 260 |
_aКиїв _bУкраїна _c1980 |
||
| 044 | _aUA | ||
| 650 | 7 | _2UDC | |
| 999 |
_c308939 _d308939 |
||